Normal view
MARC view
- Accounting -- Dictionaries
Entry Topical Term
001 - CONTROL NUMBER
- control field: 2431
003 - CONTROL NUMBER IDENTIFIER
- control field: JO-AjAnu
005 - DATE AND TIME OF LATEST TRANSACTION
- control field: 20230606070713.0
008 - FIXED-LENGTH DATA ELEMENTS
- fixed length control field: 230606|| aca||aabn | a|a d
040 ## - CATALOGING SOURCE
- Original cataloging agency: JO-AjAnu
- Transcribing agency: JO-AjAnu
150 ## - HEADING--TOPICAL TERM
- Topical term or geographic name entry element: Accounting -- Dictionaries
670 ## - SOURCE DATA FOUND
- Source citation: Work cat.: (JO-AjAnu)1273: Joel G. Siegel, Jae K. Shim, author 2430, Dictionary of Accounting terms